000
00291nam a22001097a 4500
082
_a
621.3 ANI'A
100
_a
ANDERSON, E. P
_9
56933
245
_a
AUDELS QUESTIONS AND ANSWERS FOR ELECTRICIANS EXAMINATIONS FOR ALL GRADES
260
_a
NEWYORK
_b
AUDELS
_c
1960
300
_a
256P
942
_c
BK
999
_c
577373
_d
577373